Регионална библиотека "Любен Каравелов" - Русе

Международни пазари (Запис номер 20180)

MARC детайли
000 -Лидер
Контролно поле с фиксирана дължина 01575nam a2200337 c 4500
003 - Код на организацията, давaща контролен номер
Контролно поле BLK
005 - Дата и час на последна редакция
Контролно поле 20240608132900.0
008 - Елементи от данни с фиксирана дължина
fixed length control field 180413b bul|||||r ||||||| ||bul||
010 ## - Наследен системен номер
LC control number KNG00022384000
040 ## - Източник на каталожния запис
Идентификатор на билиотеката - собственик на записа BLK
041 ## - Код за език
Код за езика на текст/звукозапис или на отделно заглавие Български
Код за езика КДБФ Български
080 ## - УДК
Текстов определител УДК Външна търговия. Международна търговия. Външно-търговска политика. Мита. Вж и 336. 4
УДК код - определител по УДК 339.5
УДК определител :339.13(075.8)
УДК - код + определител 339.5:339.13(075.8)
100 1# - Редна дума - Автор
Автор Горчева, Таня Атанасова
Авторска отговорност първи автор
R(LIN) 365185
139 ## - Редно поле
Редна дума Горчева, Таня Атанасова
Авторски знак Горо - Г 69
245 10 - Сведения за заглавието
Заглавие Международни пазари
Подзаглавни данни Общ курс на междунар. пазари : Учебник за студентите от Стоп. акад. Д. А. Ценов - Свищов
Редно поле (дума) Таня Атанасова Горчева.
257 ## - Страна на издаване
Страна на създаване/издаване България
260 ## - Област на издателските данни
-- Свищов
Име на издателя, разпространителя и проч. Акад. изд. Д. А. Ценов
Година на издаване 1998
300 ## - Физическа характеристика
Страници 248 с.
Илюстрации и др. с табл.
Размери/Мащаб 24 см
380 ## - Жанр
Жанр Обществени науки
500 ## - Общи забележки
Забележка Изд. на Стоп. акад. Д. А. Ценов - Свищов. - Офс. изд. - 1 000 тир.
650 #4 - Допълнително описание по предмет – тема
Основно описание – тема или топоним Пазари, международни
9 (RLIN) 245952
650 #4 - Допълнително описание по предмет – тема
Основно описание – тема или топоним Международна търговия
9 (RLIN) 245951
653 ## - Ключова дума – ненормативна
Ключова дума международни икономически отношения
653 ## - Ключова дума – ненормативна
Ключова дума пазари
852 ## - Местоположение
Форматна сигнатура Цб 197000
856 4# - Електронен адрес и достъп
Електронен формат pdf - файл
Път до файла /url/
856 4# - Електронен адрес и достъп
Електронен формат pdf - файл
Път до файла /url/
942 ## - АРТИКУЛИ
Вид на библиотечния материал Книги
Скрит в OPAC Не
Koha issues (borrowed), all copies 2
944 ## - СЪЗДАВАНЕ И РЕДАКЦИЯ на ЗАПИСА
Създаване/Редакция Създаване
Дата на регистрацията/редакция 15.01.2003
Служител, извършил регистрацията/редакцията 30546
Статус, дата на статуса Ренета Константинова
944 ## - СЪЗДАВАНЕ И РЕДАКЦИЯ на ЗАПИСА
Създаване/Редакция Редакция
Дата на регистрацията/редакция 11.07.2005
Служител, извършил регистрацията/редакцията
999 ## - СИСТЕМНИ КОНТРОЛНИ НОМЕРА
Koha biblionumber 20180
Koha biblioitemnumber 20180
Наличности
Код за отписване Код за изгубен артикул Източник на класификационната схема Код за повреда Коз за рестрикции Код за отдаване Артикулен № Име на библиотеката - собственик Име на библиотеката, в която се намира в момента Статус (Текущо местоположение) Дата на вписване в системата Местоположение - отдел Цена в лева Инвентарен номер Систематично азбучна сигнатура Баркод Номер на екземпляра Цена в евро Служебна бележка Служебен тип на артикула
  Не е изгубен Universal Decimal Classification Не е повреден без рестрикции ползва се в читалня 33516 Регионална библиотека "Любен Каравелов" Русе Регионална библиотека "Любен Каравелов" Русе Хранилище 2001-01-01 Хранилище 2.50 640735 Цб 197000 120000640735 1 1.28 Дост: Dp Вид: Д N: 21 Дата: 01.01.1998 Книги
  Не е изгубен   Не е повреден без рестрикции заемане за дома 33517 Регионална библиотека "Любен Каравелов" Русе Регионална библиотека "Любен Каравелов" Русе Заемна - подръчен фонд 2005-07-07 Заемна - подръчен фонд 4.00 120000695460 П 339.5/Г 69 120000695460 2 2.05 Дост: DA Вид: А N: 18 Дата: 04.07.2005 Дата инв: 05.02.2018 Бележки инв: П2018 Книги
Vip Innovations Ltd, Rousse, Bulgaria 2025